| АИС "Историко-культурное наследие Беларуси" | ||
| Базовый | Расширенный | Профессиональный | Словарь персоналий | Тематический словарь | По видам объектов | История запросов Заказы | Регистрация | |
Запись в MARC-формате
| копировать MARC-запись |
=LDR 00000nx\\c2200217\\\45\\
=001 BY-NLB-ar4256883
=005 20160330095633.9
=100 \\$a20110616arusy50\\\\\\ca0
=152 \\$apsbo
=160 \\$ae-bw
=215 \\$aКошара, деревня (Столинский район)
=300 1\$aВ начале 20 в. известна как поселок Теребежовской волости Пинского уезда Минской губернии. В 1921–1939 гг. – в составе Польши. С 1923 г. в Теребежовской, а после ее упразднения в 1928 г. в Столинской гмине Столинского повета Полесского воеводства. До 1980-х гг. – Альманская Кошара.
=356 \\$aНаходится в Стружском сельсовете Столинского района Брестской области, на левом берегу р. Льва.
=415 \\$aАльманская Кошара, деревня$5a
=515 \\$5w$3BY-NLB-ar4256893$aКашара, вёска (Столінскі раён)
=801 \0$aBY$bBY-HM0000$c20110616
=810 \\$aГарады і вёскі Беларусі : энцыклапедыя. Т. 4. Брэсцкая вобласць, кн. 2. — Мінск, 2007.
=810 \\$aНазвы населеных пунктаў Рэспублікі Беларусь : Брэсцкая вобласць : нарматыўны даведнік. — Мінск, 2006.
=856 4\$uhttp://ate.nca.by$zБД "Единый реестр административно-территориальных и территориальных единиц Республики Беларусь".$zДанные по состоянию на 16.06.2011.
=999 \\$f40$t20110616
=999 \\$h1848$t20110627
Чтобы вернуться назад, щелкните кнопку BACK на Вашем браузере